Normal view
MARC view
Entry Geographic Name
001 - CONTROL NUMBER
- control field: 26245
003 - CONTROL NUMBER IDENTIFIER
- control field: OSt
005 - DATE AND TIME OF LATEST TRANSACTION
- control field: 20140415095622.0
008 - FIXED-LENGTH DATA ELEMENTS
- fixed length control field: 140415|| aca||aabn | a|a d
040 ## - CATALOGING SOURCE
- Original cataloging agency: OSt
- Transcribing agency: OSt
151 ## - HEADING--GEOGRAPHIC NAME
- Geographic name: Great Britain
- General subdivision: History, Military
- Chronological subdivision: 1603-1714.
670 ## - SOURCE DATA FOUND
- Source citation: Work cat.: (OSt)0: Morrill, J. S. (John Stephen) 26234, The nature of the English Revolution :, 1993.
